LEADER 01830nam 2200397 450 001 000002205 005 20050718115000.0 100 $a--------d1681----km-y0itay0103----ba 101 0 $aita 102 $aIT 200 1 $aDe Aquae, Neapoli, in Luculliano scaturientis (quam ferream vocant) metallica materia, ac viribus.$eAd eccellentissimum principem Marchionem De Los Velez Regni Neapolitani Proregem vigilantissimum$fBartolomei Marant ?Venusini Medici 210 $aNeapoli$c<> Heredes Ludouici Caballi$d1681 215 $a[12], 109 p.$d8 (17 cm) 303 $aSul front. autografo del possessore: "Rocco Briscese". Sulla terza di cop. nota manoscritta di possesso[?]: "Serino". All'interno una busta da lettera con indirizzo manoscritto: "Per il Sig./ Goffredo Savino/ Capo stazione/ Melfi (Potenza" con 2 francobolli e timbro postale di Salerno 307 $aSegn. *3, A-G4 700 1$aMaranta,$bBartolomeo$0438874 801 0$aIT$bUniversità della Basilicata - B.I.A.$gRICA$2unimarc 912 $a000002205 996 $aDe Aquae, Neapoli, in Luculliano scaturientis (quam ferream vocant) metallica materia, ac viribus$971395 997 $aUNIBAS BAS $aMONLET BAS $aMONOGR BAS $aLETTERE CAT $aGINO$b10$c19990818$lBAS01$h1053 CAT $aGINO$b10$c19990818$lBAS01$h1127 CAT $aGINO$b10$c19990818$lBAS01$h1141 CAT $c20000913$lBAS01$h1425 CAT $c20000920$lBAS01$h1829 CAT $c20001010$lBAS01$h1632 CAT $c20050601$lBAS01$h1752 CAT $abatch$b01$c20050718$lBAS01$h1047 CAT $c20050718$lBAS01$h1106 CAT $c20050718$lBAS01$h1136 CAT $c20050718$lBAS01$h1150 FMT Z30 -1$lBAS01$LBAS01$mBOOK$1BASA1$APolo Storico-Umanistico$2FDEP$BFondo De Pilato$3FD$9FD$61456$51456$4Secentina$819990818$f52$FRari